<?xml version="1.0" encoding="UTF-8"?><?xml-stylesheet type="text/xsl" href="static/style.xsl"?><OAI-PMH xmlns="http://www.openarchives.org/OAI/2.0/" xmlns:xsi="http://www.w3.org/2001/XMLSchema-instance" xsi:schemaLocation="http://www.openarchives.org/OAI/2.0/ http://www.openarchives.org/OAI/2.0/OAI-PMH.xsd"><responseDate>2026-04-14T15:59:41Z</responseDate><request verb="GetRecord" identifier="oai:uvadoc.uva.es:10324/2001" metadataPrefix="marc">https://uvadoc.uva.es/oai/request</request><GetRecord><record><header><identifier>oai:uvadoc.uva.es:10324/2001</identifier><datestamp>2021-06-23T10:28:52Z</datestamp><setSpec>com_10324_1161</setSpec><setSpec>com_10324_931</setSpec><setSpec>com_10324_894</setSpec><setSpec>col_10324_1319</setSpec></header><metadata><record xmlns="http://www.loc.gov/MARC21/slim" xmlns:doc="http://www.lyncode.com/xoai" xmlns:xsi="http://www.w3.org/2001/XMLSchema-instance" xmlns:dcterms="http://purl.org/dc/terms/" xsi:schemaLocation="http://www.loc.gov/MARC21/slim http://www.loc.gov/standards/marcxml/schema/MARC21slim.xsd">
<leader>00925njm 22002777a 4500</leader>
<datafield tag="042" ind1=" " ind2=" ">
<subfield code="a">dc</subfield>
</datafield>
<datafield tag="720" ind1=" " ind2=" ">
<subfield code="a">Delgado Huertos, José Enrique</subfield>
<subfield code="e">author</subfield>
</datafield>
<datafield tag="260" ind1=" " ind2=" ">
<subfield code="c">1996</subfield>
</datafield>
<datafield tag="520" ind1=" " ind2=" ">
<subfield code="a">Se recoge en este capítulo las expansiones experimentadas por la ciudad de Palencia a lo largo del siglo XX, a través de las formas que ha adoptado y los Planes urbanísticos que han regulado y condicionado el crecimiento urbano.</subfield>
</datafield>
<datafield tag="024" ind2=" " ind1="8">
<subfield code="a">García Colmenares, Pablo; Moreno, J. y Sánchez, J.L. (coords). Historia de Palencia. Siglos XIX-XX. El Norte de Castilla. Palencia 1996, p.109-120</subfield>
</datafield>
<datafield tag="024" ind2=" " ind1="8">
<subfield code="a">Depósito Legal: M.1329-1996</subfield>
</datafield>
<datafield tag="024" ind2=" " ind1="8">
<subfield code="a">http://uvadoc.uva.es/handle/10324/2001</subfield>
</datafield>
<datafield tag="024" ind2=" " ind1="8">
<subfield code="a">109</subfield>
</datafield>
<datafield tag="024" ind2=" " ind1="8">
<subfield code="a">120</subfield>
</datafield>
<datafield tag="024" ind2=" " ind1="8">
<subfield code="a">Historia de Palencia. Siglos XIX-XX</subfield>
</datafield>
<datafield ind1=" " ind2=" " tag="653">
<subfield code="a">Geografía urbana</subfield>
</datafield>
<datafield tag="245" ind1="0" ind2="0">
<subfield code="a">Crecimiento urbano en el siglo XX</subfield>
</datafield>
</record></metadata></record></GetRecord></OAI-PMH>